|
|
|
|
| LEADER |
00000nam0a2200000 4500 |
| 001 |
148822 |
| 005 |
20231101221403.0 |
| 010 |
|
|
|a 5746402222
|
| 035 |
|
|
|a (RuTPU)RU\TPU\book\161354
|
| 090 |
|
|
|a 148822
|
| 100 |
|
|
|a 20081209d1989 k y0rusy50 ca
|
| 101 |
0 |
|
|a rus
|
| 102 |
|
|
|a RU
|
| 105 |
|
|
|a a z 001zy
|
| 200 |
1 |
|
|a Полиядерные комплексы в растворах
|f Ю. И. Сальников, А. Н. Глебов, Ф. В. Девятов
|
| 210 |
|
|
|a Казань
|c Изд-во Казанского ун-та
|d 1989
|
| 215 |
|
|
|a 288 с.
|c ил.
|
| 320 |
|
|
|a Библиогр.: с. 262-286.
|
| 606 |
1 |
|
|a Комплексные соединения в растворах
|2 stltpush
|3 (RuTPU)RU\TPU\subj\15022
|9 41321
|
| 610 |
1 |
|
|a растворы
|
| 610 |
1 |
|
|a полиядерные комплексы
|
| 610 |
1 |
|
|a равновесные системы
|
| 610 |
1 |
|
|a ЭВМ
|
| 610 |
1 |
|
|a применение
|
| 610 |
1 |
|
|a гетероядерные комплексы
|
| 610 |
1 |
|
|a гетерополиядерные соединения
|
| 610 |
1 |
|
|a образование
|
| 675 |
|
|
|a 546-386-14
|v 3
|
| 700 |
|
1 |
|a Сальников
|b Ю. И.
|g Юрий Иванович
|
| 701 |
|
1 |
|a Глебов
|b А. Н.
|g Александр Николаевич
|
| 701 |
|
1 |
|a Девятов
|b Ф. В.
|g Федор Владимирович
|
| 801 |
|
1 |
|a RU
|b 63413507
|c 20081209
|g PSBO
|
| 801 |
|
2 |
|a RU
|b 63413507
|c 20151204
|g PSBO
|
| 942 |
|
|
|c BK
|